Pokémon Trivia - Fire Type - Statistics

General Stats
  • This quiz has been taken 21 times
  • The average score is 5 of 10
Answer Stats
Question Answer % Correct
Which of these items powers up Fire type moves? Charcoal
100%
What is the weak to the Fire type? Ice, Bug, Grass, Steel
100%
Which of these abilities is NOT exclusive to Fire type Pokémon? Flash Fire
50%
Which generation of Pokémon introduced the least amount of Fire types? Generation 4
50%
Which of these is not an effect of the move Sunny Day? Moonlight heals 50% less
50%
What is the strongest Fire type move with a set base power? (Non Z-Move) V-Create
50%
What types resist the Fire type? Fire, Rock, Water, Dragon
25%
Which type is most commonly paired with Fire? Ghost
25%
Which of these methods is NOT used to evolve a Pokémon into a Fire Pokémon? Trade
25%
Which of the following about the Fire type is true? Fire has the fewest status moves of any type
0%
No matching quizzes found
Score Distribution
Percent of People with Each Score
Percentile by Number Answered
Your Score History
You have not taken this quiz